000 00403nam a2200157Ia 4500
008 230711s9999||||xx |||||||||||||| ||und||
041 _aENG
082 _a624
_bPE-C
100 _aPerkins,Jimmy l.
245 0 _aCase study in industrial hygenie
250 _a1st . Ed.
260 _c1987
_aNew York
_bJohn Wiley & Sons.Inc
650 _aMechanical Engineering
700 _aRose,Vernon E.
942 _cBK
999 _c3548
_d3548